000 00298nam a22001337a 4500
008 170419b xxu||||| |||| 00| 0 eng d
020 _a9781429277266
041 _aeng
080 _a573
100 _a11
101 _aSHM
245 _aBIOLOGY FOR A CHANGING WORLD
_cSHUSTER, M
942 _2udc
_cBK
999 _c11194
_d11194